000 00820nam a2200265Ia 4500
003 OSt
005 20220927112212.0
006 a|||||r|||| 00| 0
007 ta
008 220926b |||||||| |||| 00| 0 eng d
024 _a88518
037 _cReports
040 _aRTL
_cRTL
_beng
041 _2eng
_aeng
082 _a"X9(D26).44Q74.M8t, A"
110 _a"Bombay, Government of...."
_9373478
245 0 _aReport on the upper portion of the Eastern Narra
260 _aByculla
_bEduction Society's Press India
_c1857
300 _a106p.
_ccm.
500 _a"Selections from the records of the Bombay Government, new series. 45."
650 _aRiver Industry
700 _a"Bombay, Government of...."
_9373479
942 _h"X9(D26).44Q74.M8t, A"
_cCC
999 _c699888
_d699888